| 000 | 00670nam a2200217 a 4500 | ||
|---|---|---|---|
| 005 | 20140310183136.0 | ||
| 008 | 021017s19uu xx 00 eng d | ||
| 020 | _a9814040568 | ||
| 050 |
_aHD 30.25 _b.C55 2000 |
||
| 100 | _aClauss, Francis J. | ||
| 245 |
_aApplied management science and spreadsheet modeling / _cFrancis J. Clauss. |
||
| 260 |
_aBelmont, Calif. : _bDuxbury Press, _c2000. |
||
| 300 |
_axviii, 772 p. : _bill. ; _c24 cm. |
||
| 521 | _aBSBA | ||
| 650 |
_aManagement _xmathematical models |
||
| 650 |
_aManagement _xscience |
||
| 650 |
_aManagement _xdata processing |
||
| 650 | _aElectronic spreadsheets | ||
| 942 |
_cBK _2lcc _kFOR |
||
| 999 |
_c19292 _d19292 |
||